We left Jehovah's Witnesses : (Record no. 1480)

MARC details
000 -LEADER
fixed length control field 00781cam a2200265I 4500
001 - CONTROL NUMBER
control field 27271
003 - CONTROL NUMBER IDENTIFIER
control field GBCCL
005 - DATE AND TIME OF LATEST TRANSACTION
control field 20241126110402.0
008 - FIXED-LENGTH DATA ELEMENTS--GENERAL INFORMATION
fixed length control field 771014s1974 xx 000 0 eng d
010 ## -
-- 74078761
020 ## - INTERNATIONAL STANDARD BOOK NUMBER
International Standard Book Number 0801036968
035 ## - SYSTEM CONTROL NUMBER
System control number (OCoLC)03341543
040 ## - CATALOGING SOURCE
Original cataloging agency TLT
Transcribing agency TLT
049 ## -
-- LBBK
082 ## - DEWEY DECIMAL CLASSIFICATION NUMBER
Classification number 289.92
Item number GRU
092 ## - LOCALLY ASSIGNED DEWEY CALL NUMBER (OCLC)
Item number G892
100 1# - MAIN ENTRY--PERSONAL NAME
Personal name Gruss, Edmond C.
9 (RLIN) 2968
245 10 - TITLE STATEMENT
Title We left Jehovah's Witnesses :
Remainder of title personal testimonies /
Statement of responsibility, etc. Edmond C. Gruss.
260 ## - PUBLICATION, DISTRIBUTION, ETC.
Place of publication, distribution, etc. Grand Rapids, Michigan :
Name of publisher, distributor, etc. Baker Book House,
Date of publication, distribution, etc. c1974.
300 ## - PHYSICAL DESCRIPTION
Extent 169 p. :
Other physical details ill. ;
Dimensions 22 cm.
500 ## - GENERAL NOTE
General note 1976 reprint.
504 ## - BIBLIOGRAPHY, ETC. NOTE
Bibliography, etc. note Includes bibliographical references (p. 165-169).
650 #0 - SUBJECT ADDED ENTRY--TOPICAL TERM
Topical term or geographic name entry element Jehovah's Witnesses
Form subdivision Controversial literature.
9 (RLIN) 2969
942 ## - ADDED ENTRY ELEMENTS (KOHA)
Source of classification or shelving scheme Dewey Decimal Classification
Koha item type Books
Koha issues (borrowed), all copies 1
Holdings
Withdrawn status Lost status Source of classification or shelving scheme Damaged status Not for loan Home library Current Library Shelving location Date acquired Total checkouts Full call number Barcode Date last seen Date last checked out Copy number Price effective from Koha item type
    Dewey Decimal Classification     GRACE BIBLE COLLEGE GRACE BIBLE COLLEGE Church History 2017-05-02 1 289.92 GRU 007411 2025-05-01 2020-01-09 c.1 2017-05-02 Books
© Grace Bible College Library 2025